| 000 | 00481nam a2200181 4500 | ||
|---|---|---|---|
| 999 |
_c12781 _d12781 |
||
| 008 | 210604b ||||| |||| 00| 0 hin d | ||
| 020 | _cRs.50.00 | ||
| 041 | 0 | _ahin | |
| 082 | 0 | 0 |
_a891.43 _bP911 |
| 100 |
_95002 _aPrasad, J. |
||
| 245 | 1 | 0 |
_aIrabati / _cby J Prasad |
| 245 | 1 | 0 |
_aइराबाती / _cजे प्रसाद |
| 260 |
_aDelhi : _bBharati bhasha prakashan, _c1996. |
||
| 300 | _a79 p. | ||
| 365 | _bINR 50.00 | ||
| 650 | 0 | _aHindi fiction | |
| 942 |
_2ddc _cBK |
||